000
00280nam a2200109Ia 4500
008
220120s9999||||xx |||||||||||||| ||und||
100
_a
Bhatt N.D and Panchal V.M
245
0
_a
Engineering Drawing
260
_a
Charotar publishing house
300
_b
545
650
_a
GENERAL BOOKS
999
_c
137277
_d
137277